A települési arculat hatékony pr eszközei városi nagy rendezvények arculatformáló ereje, avagy a magyar történelmi városok interaktív bemutatkozásának eszközei kreatív módszerei, forgatókönyvei. Nagyrendezvények hatása a városok, térségek fejlesztésére, imázsára Sopron

Bibliographic Details
Main Author: Krajczár Noémi Zsuzsanna
Other Authors: Szabóné Nagy Judit
Format: Thesis
Kulcsszavak:Településfejlesztés
Városimázs
Rendezvény
Online Access:http://dolgozattar.uni-bge.hu/8521

MARC

LEADER 00000nta a2200000 i 4500
001 dolg8521
005 20170615084355.0
008 161209suuuu hu om 000 hun d
040 |a BGE Dolgozattár Repozitórium  |b hun 
041 |a hu 
100 1 |a Krajczár Noémi Zsuzsanna 
245 1 2 |a A települési arculat hatékony pr eszközei városi nagy rendezvények arculatformáló ereje, avagy a magyar történelmi városok interaktív bemutatkozásának eszközei kreatív módszerei, forgatókönyvei. Nagyrendezvények hatása a városok, térségek fejlesztésére, imázsára Sopron  |c Krajczár Noémi Zsuzsanna  |h [elektronikus dokumentum] 
695 |a Településfejlesztés 
695 |a Városimázs 
695 |a Rendezvény 
700 1 |a Szabóné Nagy Judit  |e ths 
856 4 0 |u http://dolgozattar.uni-bge.hu/8521/1/Budapesti%20Gazdas%C3%A1gi%20Egyetem_Szakdolgozat%202016_BA.pdf  |z Dokumentum-elérés